| 000 | 00870nam a2200265 a 4500 | ||
|---|---|---|---|
| 001 | 000045314 | ||
| 003 | DO-SdBNP | ||
| 005 | 20180327083612.0 | ||
| 007 | 000045314 | ||
| 008 | 150302s1992 dr a 000 0 spa d | ||
| 040 |
_aBPMSU _bspa _cBPMSU |
||
| 092 |
_axxxx _bxxxx |
||
| 100 | 1 |
_aBonnelly de Díaz, Aída, _d1926- |
|
| 245 | 1 | 4 |
_aLos niños y las artes / _cAída Bonnelly de Díaz. |
| 260 |
_aSanto Domingo : _bAlfa & Omega, _c1992 |
||
| 300 |
_a37 p. : _bil. ; _c22 cm. |
||
| 490 | 1 |
_aBiblioteca juvenil tobogán _v4 |
|
| 500 | _aIncluye datos biográficos de la autora en la solapa de la contracubierta. | ||
| 830 | 0 |
_aBiblioteca juvenil tobogán ; _v4 |
|
| 930 | 1 |
_l _m _8 _f _p _g |
|
| 942 |
_2ddc _cBK |
||
| 945 | _aInventariado infantil dom / 2017 VM | ||
| 956 |
_a VMATEO _b 10 _c 20170221 _l BPMSU _h 0069 |
||
| 956 |
_aVMATEO _b10 _c20150727 _lBMPSU _h00151 |
||
| 999 |
_c8021 _d8021 |
||